000 01241nam a22003377a 4500
005 20080828121646.0
008 080828t xxu||||| |||| 00| 0 hin d
010 _aHIN-84110
020 _c80.00
_a8188522317
035 _aHN-56456
037 _aDBAD / PUB
040 _aDPL
_bHN
082 _a636.896
100 _aगोयल, ओ.पी.
245 _aपशुओं का घरेलू इलाज /
_cओ.पी.गोयल
246 _aPashuoon kaa gharelu ilaaja
_bby O.P.Goyal
260 _aमथुरा
_bभाषा भवन
_c2007
270 _aहालन गंज
_bमथुरा
_e281001
_kआफिस 2406633
300 _a128पृ
_c18सेमी (सजिल्द)
500 _a
650 _aपशु चिकित्सा
650 _aVeterinery medicine
650 _aबीमारियां
650 _aDiseases
650 _aपशुधन
650 _aLivestock
650 _aLivestock
650 _aPoultry
942 _2ddc
_cHN
_mगोयल
_h636.896
999 _c15184
_d15184